000 00229nam a22000857a 4500
999 _c11438
_d11438
008 190524b ||||| |||| 00| 0 eng d
020 _a9789386365170
100 _97168
_aKUMAR MANIJ
245 _aGREAT NATIONALIST OF INDIA VEER SAVARKAR